[Event "Baku Chess Olympiad | Open"]
[Site "chess24.com"]
[Date "2016.09.12"]
[Round "10"]
[White "Sousa, Andre Ventura"]
[Black "Barbosa, Evandro Amorim"]
[Result "*"]
[Board "4"]
[WhiteID "1917617"]
[WhiteElo "2379"]
[WhiteTitle "FM"]
[WhiteCountry "POR"]
[WhiteFideId "1917617"]
[BlackID "2115824"]
[BlackElo "2509"]
[BlackTitle "GM"]
[BlackCountry "BRA"]
[BlackFideId "2115824"]

1. e4 {[%clk 1:30:58]} c5 {[%clk 1:30:47]} 2. Nf3 {[%clk 1:31:22]} e6 {[%clk
1:30:54]} 3. b3 {[%clk 1:31:43]} a6 {[%clk 1:30:47]} 4. Bb2 {[%clk 1:32:00]} Nc6
{[%clk 1:30:49]} 5. c4 {[%clk 1:32:17]} Qc7 {[%clk 1:18:58]} 6. g3 {[%clk
1:32:17]} Nf6 {[%clk 1:18:58]} 7. e5 {[%clk 1:32:17]} Ng4 {[%clk 1:18:58]} 8. Qe2
{[%clk 1:28:33]} h5 {[%clk 1:15:55]} 9. Bg2 {[%clk 1:21:37]} Be7 {[%clk 1:15:58]}
10. O-O {[%clk 1:21:10]} b6 {[%clk 1:13:25]} 11. Nc3 {[%clk 1:16:03]} Bb7 {[%clk
0:59:03]} 12. h3 {[%clk 1:11:25]} Nd4 {[%clk 0:37:53]} 13. Nxd4 {[%clk 1:08:56]}
cxd4 {[%clk 0:37:50]} 14. Nd5 {[%clk 1:05:31]} exd5 {[%clk 0:36:05]} 15. hxg4
{[%clk 1:05:40]} dxc4 {[%clk 0:34:45]} 16. Bxd4 {[%clk 0:55:47]} Bxg2 {[%clk
0:28:44]} 17. Kxg2 {[%clk 0:55:58]} hxg4 {[%clk 0:28:41]} 18. Qe4 {[%clk
0:54:18]} Qc6 {[%clk 0:20:46]} 19. Qxc6 {[%clk 0:53:56]} dxc6 {[%clk 0:21:10]}
20. Bxb6 {[%clk 0:49:44]} cxb3 {[%clk 0:20:22]} 21. axb3 {[%clk 0:50:05]} Kd7
{[%clk 0:20:39]} 22. Ba5 {[%clk 0:43:34]} Rh5 {[%clk 0:16:53]} 23. Bc3 {[%clk
0:40:59]} Rah8 {[%clk 0:17:05]} 24. Rfe1 {[%clk 0:39:49]} Rh2+ {[%clk 0:17:08]}
25. Kf1 {[%clk 0:40:13]} R8h5 {[%clk 0:17:02]} 26. Rxa6 {[%clk 0:36:31]} Rf5
{[%clk 0:12:01]} 27. Bd4 {[%clk 0:34:18]} c5 {[%clk 0:11:02]} 28. e6+ {[%clk
0:34:06]} fxe6 {[%clk 0:10:57]} 29. Ra7+ {[%clk 0:33:12]} Kd6 {[%clk 0:09:13]}
30. Be5+ {[%clk 0:27:52]} Kc6 {[%clk 0:07:01]} 31. Bf4 {[%clk 0:26:23]} Rh1+
{[%clk 0:06:54]} 32. Ke2 {[%clk 0:26:47]} Rxe1+ {[%clk 0:07:17]} 33. Kxe1 {[%clk
0:27:16]} Bf6 {[%clk 0:07:24]} 34. Ra6+ {[%clk 0:27:12]} Kd7 {[%clk 0:07:26]} 35.
Be3 {[%clk 0:25:33]} Rh5 {[%clk 0:06:41]} 36. Ke2 {[%clk 0:24:35]} Rd5 {[%clk
0:03:05]} 37. Ra4 {[%clk 0:24:21]} Kc6 {[%clk 0:02:54]} 38. Rxg4 {[%clk 0:24:15]}
Rh5 {[%clk 0:02:05]} 39. Kd3 {[%clk 0:22:15]} Kd5 {[%clk 0:01:03]} 40. Ra4 {[%clk
0:51:35]} Be7 {[%clk 0:30:36]} 41. Ra7 {[%clk 0:51:05]} Kd6 {[%clk 0:18:52]} *

[Event "Baku Chess Olympiad | Open"]
[Site "chess24.com"]
[Date "2016.09.12"]
[Round "10"]
[White "Durarbayli, Vasif"]
[Black "Ivanisevic, Ivan"]
[Result "1-0"]
[Board "1"]
[WhiteID "13402935"]
[WhiteElo "2612"]
[WhiteTitle "GM"]
[WhiteCountry "AZE"]
[WhiteFideId "13402935"]
[WhiteEloChange "6"]
[BlackID "912417"]
[BlackElo "2650"]
[BlackTitle "GM"]
[BlackCountry "SRB"]
[BlackFideId "912417"]
[BlackEloChange "-6"]

1. e4 {[%clk 1:30:57]} e5 {[%clk 1:30:54]} 2. Nf3 {[%clk 1:31:24]} Nc6 {[%clk
1:31:19]} 3. Bb5 {[%clk 1:31:50]} a6 {[%clk 1:31:44]} 4. Ba4 {[%clk 1:32:17]} Nf6
{[%clk 1:32:09]} 5. O-O {[%clk 1:32:42]} Be7 {[%clk 1:32:34]} 6. Re1 {[%clk
1:33:08]} b5 {[%clk 1:32:59]} 7. Bb3 {[%clk 1:33:34]} O-O {[%clk 1:33:21]} 8. a4
{[%clk 1:33:56]} Na5 {[%clk 1:33:43]} 9. Ba2 {[%clk 1:32:58]} d5 {[%clk 1:34:07]}
10. exd5 {[%clk 1:27:30]} e4 {[%clk 1:34:28]} 11. Ne5 {[%clk 1:27:42]} Bb7 {[%clk
1:34:38]} 12. d4 {[%clk 1:09:13]} Nxd5 {[%clk 1:34:32]} 13. Nc3 {[%clk 1:00:58]}
Nxc3 {[%clk 1:24:21]} 14. bxc3 {[%clk 1:00:07]} Bd5 {[%clk 1:24:44]} 15. Bf4
{[%clk 0:43:21]} Bxa2 {[%clk 1:17:15]} 16. Rxa2 {[%clk 0:43:46]} Qd5 {[%clk
1:17:32]} 17. Qa1 {[%clk 0:42:38]} b4 {[%clk 1:16:38]} 18. Ng4 {[%clk 0:32:42]}
Nc4 {[%clk 1:11:18]} 19. cxb4 {[%clk 0:23:39]} Bxb4 {[%clk 1:10:30]} 20. Ne3
{[%clk 0:22:38]} Nxe3 {[%clk 1:08:33]} 21. Rxe3 {[%clk 0:22:51]} c5 {[%clk
0:57:55]} 22. dxc5 {[%clk 0:17:46]} Bxc5 {[%clk 0:57:56]} 23. c4 {[%clk 0:14:29]}
Qf5 {[%clk 0:54:37]} 24. Rg3 {[%clk 0:14:43]} f6 {[%clk 0:55:01]} 25. Bh6 {[%clk
0:14:58]} Rf7 {[%clk 0:51:33]} 26. Rd2 {[%clk 0:14:15]} e3 {[%clk 0:43:18]} 27.
fxe3 {[%clk 0:09:03]} Rb8 {[%clk 0:42:05]} 28. Rd1 {[%clk 0:07:38]} Rfb7 {[%clk
0:39:20]} 29. Qa2 {[%clk 0:05:14]} Rb1 {[%clk 0:33:31]} 30. Rxg7+ {[%clk
0:05:29]} Kh8 {[%clk 0:34:00]} 31. Rd7 {[%clk 0:05:49]} Rxd1+ {[%clk 0:33:50]}
32. Rxd1 {[%clk 0:06:15]} Qh5 {[%clk 0:34:11]} 33. Qb3 {[%clk 0:06:05]} Rg8
{[%clk 0:21:24]} 34. Bf4 {[%clk 0:04:29]} Qe2 {[%clk 0:19:19]} 35. g3 {[%clk
0:03:52]} Re8 {[%clk 0:19:44]} 36. Qd3 {[%clk 0:03:02]} Rxe3 {[%clk 0:15:18]} 37.
Qxe2 {[%clk 0:03:26]} Rxe2+ {[%clk 0:15:45]} 38. Kh1 {[%clk 0:03:48]} Kg7 {[%clk
0:16:00]} 39. Rd2 {[%clk 0:01:33]} Re1+ {[%clk 0:15:50]} 40. Kg2 {[%clk 0:31:58]}
Ra1 {[%clk 0:46:15]} 41. Rd5 {[%clk 0:27:16]} Bb4 {[%clk 0:44:35]} 42. c5 {[%clk
0:26:18]} Ra2+ {[%clk 0:44:49]} 43. Kf3 {[%clk 0:26:27]} Rc2 {[%clk 0:45:12]} 44.
Be3 {[%clk 0:26:04]} Kg6 {[%clk 0:41:17]} 45. h3 {[%clk 0:22:49]} h5 {[%clk
0:39:41]} 46. h4 {[%clk 0:22:09]} Rc3 {[%clk 0:35:10]} 47. Ke4 {[%clk 0:19:47]}
a5 {[%clk 0:32:03]} 48. Bd4 {[%clk 0:18:17]} Rc1 {[%clk 0:29:05]} 49. Rd6 {[%clk
0:18:22]} Bxc5 {[%clk 0:27:55]} 50. Rxf6+ {[%clk 0:18:45]} Kh7 {[%clk 0:28:19]}
51. Rf5 {[%clk 0:18:59]} Re1+ {[%clk 0:24:30]} 52. Kd5 {[%clk 0:19:21]} Bb4
{[%clk 0:20:32]} 53. Rxh5+ {[%clk 0:18:57]} Kg6 {[%clk 0:20:55]} 54. Re5 {[%clk
0:17:11]} Rh1 {[%clk 0:19:13]} 55. Ke4 {[%clk 0:16:39]} Rh2 {[%clk 0:14:02]} 56.
Re6+ {[%clk 0:17:01]} Kf7 {[%clk 0:12:07]} 57. Rf6+ {[%clk 0:17:26]} Ke7 {[%clk
0:12:34]} 58. Rf2 {[%clk 0:17:50]} Rh3 {[%clk 0:12:35]} 59. Be5 {[%clk 0:16:28]}
Ke6 {[%clk 0:11:14]} 60. Rf6+ {[%clk 0:15:59]} Ke7 {[%clk 0:11:35]} 61. Kf5
{[%clk 0:14:37]} Rh1 {[%clk 0:11:58]} 62. Ra6 {[%clk 0:14:51]} Rf1+ {[%clk
0:11:14]} 63. Bf4 {[%clk 0:14:20]} Rh1 {[%clk 0:09:27]} 64. Ra7+ {[%clk 0:14:46]}
Kd8 {[%clk 0:09:33]} 65. Ke6 {[%clk 0:15:08]} Kc8 {[%clk 0:09:24]} 66. Rc7+
{[%clk 0:15:31]} Kd8 {[%clk 0:09:48]} 67. Rb7 {[%clk 0:15:56]} 1-0

[Event "Baku Chess Olympiad | Open"]
[Site "chess24.com"]
[Date "2016.09.12"]
[Round "10"]
[White "Markus, Robert"]
[Black "Abasov, Nijat"]
[Result "1/2-1/2"]
[Board "2"]
[WhiteID "921637"]
[WhiteElo "2662"]
[WhiteTitle "GM"]
[WhiteCountry "SRB"]
[WhiteFideId "921637"]
[WhiteEloChange "-2"]
[BlackID "13402960"]
[BlackElo "2552"]
[BlackTitle "GM"]
[BlackCountry "AZE"]
[BlackFideId "13402960"]
[BlackEloChange "2"]

1. Nf3 {[%clk 1:30:56]} Nf6 {[%clk 1:30:40]} 2. g3 {[%clk 1:31:19]} d5 {[%clk
1:30:32]} 3. Bg2 {[%clk 1:31:42]} e6 {[%clk 1:30:15]} 4. O-O {[%clk 1:31:57]} Be7
{[%clk 1:30:41]} 5. d3 {[%clk 1:31:16]} b6 {[%clk 1:30:57]} 6. e4 {[%clk
1:25:55]} Bb7 {[%clk 1:20:17]} 7. e5 {[%clk 1:19:59]} Nfd7 {[%clk 1:19:51]} 8. c4
{[%clk 1:17:22]} dxc4 {[%clk 0:59:19]} 9. dxc4 {[%clk 1:17:41]} Nc5 {[%clk
0:59:46]} 10. Qxd8+ {[%clk 1:12:38]} Bxd8 {[%clk 0:59:32]} 11. Rd1 {[%clk
1:12:55]} Be7 {[%clk 0:55:35]} 12. Nd4 {[%clk 1:01:43]} Nbd7 {[%clk 0:55:52]} 13.
f4 {[%clk 0:55:34]} O-O-O {[%clk 0:49:26]} 14. Nc3 {[%clk 0:55:07]} f6 {[%clk
0:45:24]} 15. exf6 {[%clk 0:51:04]} Bxf6 {[%clk 0:45:41]} 16. Bh3 {[%clk
0:45:03]} Kb8 {[%clk 0:42:32]} 17. Nxe6 {[%clk 0:33:37]} Nxe6 {[%clk 0:42:55]}
18. Bxe6 {[%clk 0:34:03]} Nc5 {[%clk 0:43:16]} 19. Bd5 {[%clk 0:34:23]} Rhe8
{[%clk 0:43:22]} 20. Bd2 {[%clk 0:28:47]} Nd3 {[%clk 0:39:25]} 21. Rab1 {[%clk
0:27:43]} Bc8 {[%clk 0:29:11]} 22. Be1 {[%clk 0:11:15]} Bf5 {[%clk 0:28:03]} 23.
g4 {[%clk 0:11:12]} Bd4+ {[%clk 0:25:04]} 24. Kh1 {[%clk 0:10:37]} Bxc3 {[%clk
0:11:50]} 25. bxc3 {[%clk 0:11:02]} Be4+ {[%clk 0:08:43]} 26. Bxe4 {[%clk
0:08:40]} Rxe4 {[%clk 0:09:10]} 27. Bh4 {[%clk 0:03:06]} g5 {[%clk 0:09:28]} 28.
fxg5 {[%clk 0:02:26]} Rxg4 {[%clk 0:09:53]} 29. Be1 {[%clk 0:02:18]} Rxg5 {[%clk
0:06:58]} 30. Rd2 {[%clk 0:02:41]} Rf8 {[%clk 0:04:33]} 31. Bg3 {[%clk 0:02:51]}
Nc5 {[%clk 0:04:57]} 32. Re1 {[%clk 0:02:51]} Rf7 {[%clk 0:05:21]} 33. Kg2 {[%clk
0:01:33]} Kb7 {[%clk 0:05:17]} 34. Re3 {[%clk 0:01:51]} Ka6 {[%clk 0:04:33]} 35.
Kh3 {[%clk 0:01:11]} Rg6 {[%clk 0:02:33]} 36. Rd5 {[%clk 0:00:47]} Ka5 {[%clk
0:01:58]} 37. Rd8 {[%clk 0:00:53]} Rc6 {[%clk 0:01:10]} 38. Rde8 {[%clk 0:00:57]}
Rh6+ {[%clk 0:00:44]} 39. Kg4 {[%clk 0:01:03]} Rg6+ {[%clk 0:01:07]} 40. Kh3
{[%clk 0:31:29]} Rh6+ {[%clk 0:31:31]} 41. Kg4 {[%clk 0:31:17]} Rg6+ {[%clk
0:30:31]} 42. Kh3 {[%clk 0:25:36]} Rgg7 {[%clk 0:26:40]} 43. Be5 {[%clk 0:24:12]}
Rg6 {[%clk 0:26:40]} 44. Bg3 {[%clk 0:24:12]} 1/2-1/2

[Event "Baku Chess Olympiad | Open"]
[Site "chess24.com"]
[Date "2016.09.12"]
[Round "10"]
[White "Guseinov, Gadir"]
[Black "Sedlak, Nikola"]
[Result "1/2-1/2"]
[Board "3"]
[WhiteID "13401378"]
[WhiteElo "2625"]
[WhiteTitle "GM"]
[WhiteCountry "AZE"]
[WhiteFideId "13401378"]
[WhiteEloChange "-1"]
[BlackID "922900"]
[BlackElo "2537"]
[BlackTitle "GM"]
[BlackCountry "SRB"]
[BlackFideId "922900"]
[BlackEloChange "1"]

1. e4 {[%clk 1:30:56]} e6 {[%clk 1:30:46]} 2. d4 {[%clk 1:31:14]} d5 {[%clk
1:31:06]} 3. Nd2 {[%clk 1:31:18]} c5 {[%clk 1:30:45]} 4. exd5 {[%clk 1:31:11]}
Qxd5 {[%clk 1:31:05]} 5. Ngf3 {[%clk 1:31:02]} cxd4 {[%clk 1:31:24]} 6. Bc4
{[%clk 1:31:15]} Qd6 {[%clk 1:31:44]} 7. O-O {[%clk 1:31:06]} Nf6 {[%clk
1:32:04]} 8. Nb3 {[%clk 1:31:27]} Nc6 {[%clk 1:32:25]} 9. Nbxd4 {[%clk 1:31:35]}
Nxd4 {[%clk 1:32:45]} 10. Nxd4 {[%clk 1:32:00]} Be7 {[%clk 1:32:21]} 11. c3
{[%clk 1:27:35]} O-O {[%clk 1:32:37]} 12. Qf3 {[%clk 1:27:42]} Qc7 {[%clk
1:32:33]} 13. Bb3 {[%clk 1:27:23]} a5 {[%clk 1:32:03]} 14. a4 {[%clk 1:16:20]}
Bd7 {[%clk 1:31:53]} 15. Re1 {[%clk 1:15:06]} Bc6 {[%clk 1:23:25]} 16. Qh3 {[%clk
1:08:02]} Rfe8 {[%clk 1:22:43]} 17. Bc2 {[%clk 0:51:29]} g6 {[%clk 1:21:30]} 18.
Bg5 {[%clk 0:38:19]} Nd5 {[%clk 1:19:48]} 19. Bxe7 {[%clk 0:36:16]} Qxe7 {[%clk
1:18:25]} 20. Qg3 {[%clk 0:27:11]} Qf6 {[%clk 0:54:34]} 21. Be4 {[%clk 0:27:07]}
Red8 {[%clk 0:45:51]} 22. h3 {[%clk 0:19:22]} Rac8 {[%clk 0:42:39]} 23. Nb3
{[%clk 0:06:05]} b6 {[%clk 0:40:56]} 24. Nd4 {[%clk 0:06:25]} Be8 {[%clk
0:39:56]} 25. Qf3 {[%clk 0:03:25]} Kg7 {[%clk 0:37:14]} 26. g3 {[%clk 0:02:50]}
Qxf3 {[%clk 0:36:14]} 27. Bxf3 {[%clk 0:03:06]} Kf6 {[%clk 0:36:04]} 28. h4
{[%clk 0:03:16]} Ne7 {[%clk 0:23:02]} 29. Be2 {[%clk 0:02:49]} e5 {[%clk
0:22:01]} 30. Nf3 {[%clk 0:02:23]} Bc6 {[%clk 0:21:25]} 31. Nh2 {[%clk 0:01:19]}
h5 {[%clk 0:20:58]} 32. Nf1 {[%clk 0:01:46]} Nf5 {[%clk 0:19:46]} 33. f3 {[%clk
0:01:36]} Ng7 {[%clk 0:15:03]} 34. Ne3 {[%clk 0:01:03]} Ne6 {[%clk 0:14:14]} 35.
Nc4 {[%clk 0:01:17]} Bxf3 {[%clk 0:12:50]} 36. Nxb6 {[%clk 0:01:07]} Rc6 {[%clk
0:08:33]} 37. Rf1 {[%clk 0:00:39]} e4 {[%clk 0:08:20]} 38. Nc4 {[%clk 0:00:40]}
Rxc4 {[%clk 0:07:33]} 39. Bxc4 {[%clk 0:00:55]} Kf5 {[%clk 0:07:47]} 40. Bxe6+
{[%clk 0:30:51]} fxe6 {[%clk 0:37:55]} 41. Rae1 {[%clk 0:13:19]} Kg4 {[%clk
0:33:56]} 42. Kf2 {[%clk 0:13:25]} Rd2+ {[%clk 0:32:38]} 43. Ke3 {[%clk 0:13:52]}
Rd3+ {[%clk 0:32:54]} 44. Kf2 {[%clk 0:14:20]} e5 {[%clk 0:32:15]} 45. b4 {[%clk
0:09:41]} Rxc3 {[%clk 0:28:40]} 46. bxa5 {[%clk 0:08:53]} Rd3 {[%clk 0:20:22]}
47. a6 {[%clk 0:08:28]} Rd2+ {[%clk 0:20:37]} 48. Ke3 {[%clk 0:08:53]} Rd3+
{[%clk 0:20:39]} 49. Kf2 {[%clk 0:09:18]} Rd2+ {[%clk 0:20:55]} 1/2-1/2

[Event "Baku Chess Olympiad | Open"]
[Site "chess24.com"]
[Date "2016.09.12"]
[Round "10"]
[White "Indjic, Aleksandar"]
[Black "Guliyev, Namig"]
[Result "1-0"]
[Board "4"]
[WhiteID "911925"]
[WhiteElo "2548"]
[WhiteTitle "GM"]
[WhiteCountry "SRB"]
[WhiteFideId "911925"]
[WhiteEloChange "5"]
[BlackID "13400363"]
[BlackElo "2577"]
[BlackTitle "GM"]
[BlackCountry "AZE"]
[BlackFideId "13400363"]
[BlackEloChange "-5"]

1. c4 {[%clk 1:29:13]} c6 {[%clk 1:30:51]} 2. d4 {[%clk 1:29:16]} d5 {[%clk
1:31:14]} 3. Nf3 {[%clk 1:28:56]} Nf6 {[%clk 1:29:43]} 4. e3 {[%clk 1:29:01]} Bg4
{[%clk 1:29:47]} 5. h3 {[%clk 1:29:23]} Bxf3 {[%clk 1:30:11]} 6. Qxf3 {[%clk
1:29:48]} e6 {[%clk 1:30:33]} 7. Nc3 {[%clk 1:29:42]} Nbd7 {[%clk 1:30:48]} 8. a3
{[%clk 1:29:55]} Be7 {[%clk 1:23:24]} 9. g4 {[%clk 1:30:09]} dxc4 {[%clk
1:23:32]} 10. Bxc4 {[%clk 1:30:32]} b5 {[%clk 1:20:25]} 11. Ba2 {[%clk 1:24:26]}
Nd5 {[%clk 1:18:05]} 12. Bd2 {[%clk 1:14:28]} a5 {[%clk 1:16:02]} 13. Ne2 {[%clk
1:07:18]} b4 {[%clk 1:10:33]} 14. O-O {[%clk 1:05:59]} O-O {[%clk 1:06:21]} 15.
Rfd1 {[%clk 0:54:28]} h6 {[%clk 0:53:47]} 16. e4 {[%clk 0:46:54]} N5b6 {[%clk
0:51:05]} 17. e5 {[%clk 0:46:56]} Nd5 {[%clk 0:45:30]} 18. Qe4 {[%clk 0:46:22]}
Re8 {[%clk 0:43:57]} 19. a4 {[%clk 0:41:01]} Nf8 {[%clk 0:36:25]} 20. Rac1 {[%clk
0:41:17]} Rc8 {[%clk 0:36:05]} 21. Nf4 {[%clk 0:39:50]} Nxf4 {[%clk 0:25:39]} 22.
Bxf4 {[%clk 0:39:59]} Qb6 {[%clk 0:21:51]} 23. Bc4 {[%clk 0:39:31]} Bg5 {[%clk
0:21:57]} 24. Bxg5 {[%clk 0:38:00]} hxg5 {[%clk 0:21:57]} 25. h4 {[%clk 0:38:28]}
gxh4 {[%clk 0:20:25]} 26. f4 {[%clk 0:38:52]} Red8 {[%clk 0:18:57]} 27. f5 {[%clk
0:39:14]} Rd7 {[%clk 0:18:39]} 28. Rd3 {[%clk 0:38:58]} Rcd8 {[%clk 0:16:04]} 29.
Rcd1 {[%clk 0:39:19]} c5 {[%clk 0:14:50]} 30. d5 {[%clk 0:39:43]} exd5 {[%clk
0:15:01]} 31. Rxd5 {[%clk 0:40:04]} Rxd5 {[%clk 0:13:59]} 32. Rxd5 {[%clk
0:40:28]} Qc7 {[%clk 0:07:16]} 33. g5 {[%clk 0:40:48]} Rxd5 {[%clk 0:04:23]} 34.
Bxd5 {[%clk 0:34:29]} Nd7 {[%clk 0:03:09]} 35. e6 {[%clk 0:34:52]} Ne5 {[%clk
0:02:54]} 36. f6 {[%clk 0:33:27]} gxf6 {[%clk 0:02:12]} 37. gxf6 {[%clk 0:33:52]}
fxe6 {[%clk 0:02:03]} 38. Bxe6+ {[%clk 0:34:10]} Kh8 {[%clk 0:01:28]} 39. Qf4
{[%clk 0:33:52]} Kh7 {[%clk 0:00:31]} 40. f7 {[%clk 1:03:02]} 1-0

[Event "Baku Chess Olympiad | Open"]
[Site "chess24.com"]
[Date "2016.09.12"]
[Round "10"]
[White "Volodin, Aleksandr"]
[Black "Dominguez Perez, Leinier"]
[Result "0-1"]
[Board "1"]
[WhiteID "4501950"]
[WhiteElo "2473"]
[WhiteTitle "GM"]
[WhiteCountry "EST"]
[WhiteFideId "4501950"]
[WhiteEloChange "-2"]
[BlackID "3503240"]
[BlackElo "2720"]
[BlackTitle "GM"]
[BlackCountry "CUB"]
[BlackFideId "3503240"]
[BlackEloChange "2"]

1. d4 {[%clk 1:30:57]} Nf6 {[%clk 1:30:41]} 2. c4 {[%clk 1:31:07]} g6 {[%clk
1:31:03]} 3. Nf3 {[%clk 1:31:11]} Bg7 {[%clk 1:30:56]} 4. g3 {[%clk 1:31:25]} c5
{[%clk 1:31:16]} 5. d5 {[%clk 1:30:28]} b5 {[%clk 1:30:55]} 6. cxb5 {[%clk
1:25:33]} a6 {[%clk 1:30:53]} 7. bxa6 {[%clk 1:19:54]} d6 {[%clk 1:28:50]} 8. Nc3
{[%clk 1:19:23]} O-O {[%clk 1:29:08]} 9. Bg2 {[%clk 1:19:19]} Nbd7 {[%clk
1:28:55]} 10. O-O {[%clk 1:16:53]} Nb6 {[%clk 1:29:18]} 11. Nh4 {[%clk 1:06:44]}
Bxa6 {[%clk 1:28:16]} 12. Qc2 {[%clk 1:06:50]} Nfd7 {[%clk 1:26:54]} 13. Rb1
{[%clk 0:56:15]} Nc4 {[%clk 1:23:25]} 14. b3 {[%clk 0:53:40]} Qa5 {[%clk
1:23:00]} 15. Na4 {[%clk 0:50:47]} Rfb8 {[%clk 1:11:41]} 16. Nf3 {[%clk 0:34:38]}
Qb4 {[%clk 0:51:22]} 17. Bh3 {[%clk 0:25:39]} Ndb6 {[%clk 0:33:33]} 18. Nxb6
{[%clk 0:20:59]} Nxb6 {[%clk 0:30:07]} 19. Rd1 {[%clk 0:18:00]} Na4 {[%clk
0:21:34]} 20. Bd2 {[%clk 0:16:25]} Nc3 {[%clk 0:22:03]} 21. Bxc3 {[%clk 0:14:20]}
Qxc3 {[%clk 0:22:31]} 22. Qxc3 {[%clk 0:11:12]} Bxc3 {[%clk 0:22:59]} 23. Bf1
{[%clk 0:04:04]} Bc8 {[%clk 0:22:47]} 24. Rbc1 {[%clk 0:03:30]} Bb4 {[%clk
0:15:10]} 25. a4 {[%clk 0:02:44]} Ba5 {[%clk 0:15:38]} 26. e3 {[%clk 0:01:02]}
Rxb3 {[%clk 0:15:49]} 27. Bb5 {[%clk 0:01:11]} Bf5 {[%clk 0:13:26]} 28. Nd2
{[%clk 0:01:16]} Bxd2 {[%clk 0:13:08]} 29. Rxd2 {[%clk 0:01:43]} Be4 {[%clk
0:13:34]} 30. h3 {[%clk 0:01:31]} Kg7 {[%clk 0:13:04]} 31. Kh2 {[%clk 0:01:08]}
h5 {[%clk 0:13:11]} 32. Bc6 {[%clk 0:00:37]} Rab8 {[%clk 0:12:48]} 33. Bb5 {[%clk
0:01:06]} Ra3 {[%clk 0:12:30]} 34. Kg1 {[%clk 0:00:41]} g5 {[%clk 0:11:57]} 35.
Kf1 {[%clk 0:00:46]} g4 {[%clk 0:12:07]} 36. h4 {[%clk 0:00:35]} Kf6 {[%clk
0:12:28]} 37. Ke1 {[%clk 0:00:33]} Ke5 {[%clk 0:12:51]} 38. f4+ {[%clk 0:00:31]}
gxf3 {[%clk 0:13:11]} 39. Kf2 {[%clk 0:00:55]} Bxd5 {[%clk 0:12:32]} 0-1

[Event "Baku Chess Olympiad | Open"]
[Site "chess24.com"]
[Date "2016.09.12"]
[Round "10"]
[White "Bruzon Batista, Lazaro"]
[Black "Ladva, Ottomar"]
[Result "1-0"]
[Board "2"]
[WhiteID "3503739"]
[WhiteElo "2623"]
[WhiteTitle "GM"]
[WhiteCountry "CUB"]
[WhiteFideId "3503739"]
[WhiteEloChange "3"]
[BlackID "4500024"]
[BlackElo "2501"]
[BlackTitle "IM"]
[BlackCountry "EST"]
[BlackFideId "4500024"]
[BlackEloChange "-3"]

1. e4 {[%clk 1:30:56]} c5 {[%clk 1:30:56]} 2. Nf3 {[%clk 1:31:19]} e6 {[%clk
1:31:23]} 3. d4 {[%clk 1:31:43]} cxd4 {[%clk 1:31:50]} 4. Nxd4 {[%clk 1:32:08]}
Nc6 {[%clk 1:32:18]} 5. Nc3 {[%clk 1:32:29]} Qc7 {[%clk 1:32:09]} 6. Qd3 {[%clk
1:32:41]} a6 {[%clk 1:21:07]} 7. Nxc6 {[%clk 1:32:11]} Qxc6 {[%clk 1:10:28]} 8.
Qg3 {[%clk 1:31:37]} Nf6 {[%clk 0:45:01]} 9. Bd3 {[%clk 1:31:14]} d6 {[%clk
0:44:34]} 10. O-O {[%clk 1:27:53]} b5 {[%clk 0:31:47]} 11. Re1 {[%clk 1:24:22]}
Be7 {[%clk 0:26:56]} 12. e5 {[%clk 1:05:43]} dxe5 {[%clk 0:26:48]} 13. Ne4 {[%clk
1:03:33]} Bb7 {[%clk 0:23:31]} 14. Qxg7 {[%clk 1:02:45]} O-O-O {[%clk 0:23:44]}
15. Bg5 {[%clk 1:02:36]} Nd5 {[%clk 0:16:38]} 16. Bxe7 {[%clk 0:47:56]} Nxe7
{[%clk 0:17:05]} 17. Qxf7 {[%clk 0:48:03]} Ng6 {[%clk 0:16:36]} 18. Re3 {[%clk
0:39:36]} Rdf8 {[%clk 0:13:56]} 19. Qg7 {[%clk 0:39:36]} Rhg8 {[%clk 0:08:42]}
20. Qh6 {[%clk 0:36:22]} Nf4 {[%clk 0:06:53]} 21. Rg3 {[%clk 0:35:50]} Qb6 {[%clk
0:05:55]} 22. Rxg8 {[%clk 0:30:23]} Rxg8 {[%clk 0:06:24]} 23. g3 {[%clk 0:30:40]}
Nxd3 {[%clk 0:05:42]} 24. cxd3 {[%clk 0:30:35]} Rd8 {[%clk 0:02:07]} 25. Rc1+
{[%clk 0:29:50]} Kb8 {[%clk 0:02:35]} 26. Nc5 {[%clk 0:30:10]} Bd5 {[%clk
0:02:09]} 27. Qxh7 {[%clk 0:29:06]} Ka8 {[%clk 0:02:11]} 28. b4 {[%clk 0:26:59]}
Qc6 {[%clk 0:01:55]} 29. Rc3 {[%clk 0:25:10]} Bh1 {[%clk 0:01:01]} 30. Qh3 {[%clk
0:18:05]} Qf3 {[%clk 0:00:36]} 31. Nxe6 {[%clk 0:16:43]} Rd7 {[%clk 0:00:47]} 32.
Ng5 {[%clk 0:13:50]} Qd5 {[%clk 0:00:32]} 33. Ne4 {[%clk 0:11:23]} Bxe4 {[%clk
0:00:46]} 34. dxe4 {[%clk 0:11:47]} Qd2 {[%clk 0:00:51]} 35. Qh8+ {[%clk
0:10:37]} Kb7 {[%clk 0:00:37]} 1-0

[Event "Baku Chess Olympiad | Open"]
[Site "chess24.com"]
[Date "2016.09.12"]
[Round "10"]
[White "Seeman, Tarvo"]
[Black "Quesada Perez, Yuniesky"]
[Result "*"]
[Board "3"]
[WhiteID "4500547"]
[WhiteElo "2407"]
[WhiteTitle "IM"]
[WhiteCountry "EST"]
[WhiteFideId "4500547"]
[BlackID "3504409"]
[BlackElo "2634"]
[BlackTitle "GM"]
[BlackCountry "CUB"]
[BlackFideId "3504409"]

1. Nf3 {[%clk 1:30:53]} Nf6 {[%clk 1:30:43]} 2. g3 {[%clk 1:31:07]} d5 {[%clk
1:30:56]} 3. Bg2 {[%clk 1:31:24]} e6 {[%clk 1:31:11]} 4. O-O {[%clk 1:31:30]} Be7
{[%clk 1:31:31]} 5. d3 {[%clk 1:31:16]} O-O {[%clk 1:31:35]} 6. Nbd2 {[%clk
1:31:36]} c5 {[%clk 1:31:54]} 7. e4 {[%clk 1:31:59]} Nc6 {[%clk 1:32:12]} 8. Re1
{[%clk 1:32:16]} b5 {[%clk 1:32:02]} 9. e5 {[%clk 1:31:49]} Nd7 {[%clk 1:32:22]}
10. Nf1 {[%clk 1:29:24]} Bb7 {[%clk 1:32:28]} 11. h4 {[%clk 1:28:43]} Qc7 {[%clk
1:32:39]} 12. Bf4 {[%clk 1:28:31]} Rfc8 {[%clk 1:32:22]} 13. N1h2 {[%clk
1:23:58]} Qd8 {[%clk 1:29:54]} 14. Rc1 {[%clk 1:11:05]} a5 {[%clk 1:24:16]} 15.
Ng5 {[%clk 1:04:42]} h6 {[%clk 1:20:24]} 16. Nh3 {[%clk 1:02:08]} Bf8 {[%clk
1:16:51]} 17. h5 {[%clk 0:49:54]} a4 {[%clk 1:03:38]} 18. Nf3 {[%clk 0:44:49]} a3
{[%clk 0:57:40]} 19. b3 {[%clk 0:45:13]} d4 {[%clk 0:57:48]} 20. g4 {[%clk
0:37:05]} Nb4 {[%clk 0:52:00]} 21. Ra1 {[%clk 0:29:42]} Nd5 {[%clk 0:31:28]} 22.
Bd2 {[%clk 0:29:39]} Nc3 {[%clk 0:29:09]} 23. Bxc3 {[%clk 0:27:24]} dxc3 {[%clk
0:27:24]} 24. g5 {[%clk 0:26:06]} Qc7 {[%clk 0:25:46]} 25. g6 {[%clk 0:22:54]}
fxg6 {[%clk 0:24:17]} 26. hxg6 {[%clk 0:22:56]} Be7 {[%clk 0:23:50]} 27. Nf4
{[%clk 0:23:07]} Ra6 {[%clk 0:23:39]} 28. Bh3 {[%clk 0:17:54]} Nf8 {[%clk
0:22:19]} 29. Bg2 {[%clk 0:14:36]} Rd8 {[%clk 0:21:57]} 30. Re3 {[%clk 0:11:23]}
Rd7 {[%clk 0:20:30]} 31. Qe1 {[%clk 0:07:10]} b4 {[%clk 0:18:45]} 32. Re4 {[%clk
0:03:15]} Qd8 {[%clk 0:13:50]} 33. Qe2 {[%clk 0:03:12]} Bxe4 {[%clk 0:09:12]} 34.
Qxe4 {[%clk 0:03:36]} Bg5 {[%clk 0:09:31]} 35. Nh3 {[%clk 0:02:22]} Bd2 {[%clk
0:09:22]} 36. Kh1 {[%clk 0:02:31]} Qe8 {[%clk 0:06:51]} 37. Qc4 {[%clk 0:02:05]}
Ra5 {[%clk 0:06:52]} 38. Rg1 {[%clk 0:00:48]} Qxg6 {[%clk 0:05:37]} 39. Kh2
{[%clk 0:00:39]} Qf5 {[%clk 0:04:58]} *